South Eastern Kenya University

Library Online Public Access Catalogue


Art history / (Record no. 4476)

MARC details
000 -LEADER
fixed length control field 00845cam a2200253 a 4500
001 - CONTROL NUMBER
control field 4924383
003 - CONTROL NUMBER IDENTIFIER
control field OSt
005 - DATE AND TIME OF LATEST TRANSACTION
control field 20150626163154.0
008 - FIXED-LENGTH DATA ELEMENTS--GENERAL INFORMATION
fixed length control field 950320s1995 nyuab b 001 0 eng
010 ## - LIBRARY OF CONGRESS CONTROL NUMBER
LC control number 95013402
020 ## - INTERNATIONAL STANDARD BOOK NUMBER
International Standard Book Number 0810919605 (Abrams : hardcover)
020 ## - INTERNATIONAL STANDARD BOOK NUMBER
International Standard Book Number 013357542X (Prentice Hall : hardcover)
040 ## - CATALOGING SOURCE
Original cataloging agency SEKU
050 00 - LIBRARY OF CONGRESS CALL NUMBER
Classification number N 5300
Item number .S7
100 1# - MAIN ENTRY--PERSONAL NAME
Personal name Stokstad, Marilyn,
Dates associated with a name 1929-
245 10 - TITLE STATEMENT
Title Art history /
Statement of responsibility, etc. Marilyn Stokstad with the collaboration of Marion Spears Grayson, and with chapters by Stephen Addiss ... [et al.].
260 ## - PUBLICATION, DISTRIBUTION, ETC. (IMPRINT)
Place of publication, distribution, etc. New York :
Name of publisher, distributor, etc. H.N. Abrams,
Date of publication, distribution, etc. 1995.
300 ## - PHYSICAL DESCRIPTION
Extent 1167p. :
Other physical details ill. (some col.), col. maps.
504 ## - BIBLIOGRAPHY, ETC. NOTE
Bibliography, etc Includes bibliographical references and indexes.
650 #0 - SUBJECT ADDED ENTRY--TOPICAL TERM
Topical term or geographic name as entry element Art
General subdivision History.
700 1# - ADDED ENTRY--PERSONAL NAME
Personal name Grayson, Marion Spears.
700 1# - ADDED ENTRY--PERSONAL NAME
Personal name Addiss, Stephen,
Dates associated with a name 1935-
942 ## - ADDED ENTRY ELEMENTS (KOHA)
Source of classification or shelving scheme Library of Congress Classification
Koha item type General circulation
Holdings
Withdrawn status Lost status Source of classification or shelving scheme Damaged status Not for loan Home library Current library Shelving location Date acquired Source of acquisition Total Checkouts Full call number Barcode Date last seen Price effective from Koha item type Public note
    Library of Congress Classification     Main Campus Library Main Campus Library General Stacks 26/06/2015 Donation-Books for Africa   N 5300 .S7 2015/000815 26/06/2015 26/06/2015 General circulation JCL
Kitui, Kenya.
+254736116989
library@seku.ac.ke